| 000 | 00928nam0a2200301 4500 | ||
|---|---|---|---|
| 001 | RU\NLR\bibl\81739 | ||
| 005 | 20250616104418.0 | ||
| 010 |
_a5-207-00304-6 _9500 |
||
| 021 |
_aRU _b1999-46379 _92288 |
||
| 035 | _a(NLR Aleph) 000079817 | ||
| 090 |
_a443944 _c443944 |
||
| 100 | _a20000421d1999 |||y0rusy50 ca | ||
| 101 | 0 | _arus | |
| 102 | _aRU | ||
| 105 | _ay ||||||||| | ||
| 200 | 1 |
_aУсталость лета _eСтихи _fАлексей Горобец |
|
| 210 |
_aКраснодар _cСев. Кавказ _d1999 |
||
| 215 |
_a65, [2]с. _d20 |
||
| 686 | _aШ6(2=Р)75-5 | ||
| 700 | 1 |
_aГоробец _bА. Б. _gАлексей Борисович _4070 |
|
| 801 | 0 |
_aRU _bNLR _c20000421 _gPSBO |
|
| 801 | 1 |
_aRU _bNLR _c20000421 |
|
| 830 | _aАвт. раскрыт по кн. | ||
| 852 |
_aNLR _j2000-4/779 |
||
| 942 | _cBOOK | ||
| 980 | _aNB | ||